Podrobnosti MARC
| 000 -Návěští |
| Řídící pole kódované 24B |
01929nam a2200373 i 4500 |
| 001 - Kontrolní číslo |
| Řídící pole proměnné |
nkc20253691187 |
| 003 - Identifikátor kontrolního čísla |
| Řídící pole proměnné |
CZ PrSKC |
| 005 - Datum posledního zpracování |
| Řídící pole 16B |
20260429110433.0 |
| 007 - Pole pevné délky pro fyzický popis |
| Řídící pole kódované |
ta |
| 008 - Údaje pevné délky |
| Řídící pole kódované 40B |
250930s2025 xr a b 000 j cze |
| 020 ## - ISBN |
| ISBN |
9788090927827 |
| Dostupnost |
Kč 479,00 |
| 040 ## - Zdroj katalogizace-agentura |
| Agentura původní katalogizace |
ABG001 |
| Jazyk katalogizace |
cze |
| Agentura upravující záznam |
OLA001 |
| Použitá pravidla popisu |
rda |
| 072 #7 - Kód předmětové kategorie - Konspekt |
| Předmětová kategorie |
821.162.3-3 |
| Zpřesnění předmětové kategorie |
Česká próza |
| Zdroj předmětové klasifikace |
Konspekt |
| 072 #7 - Kód předmětové kategorie - Konspekt |
| Předmětová kategorie |
821-93 |
| Zpřesnění předmětové kategorie |
Literatura pro děti a mládež (beletrie) |
| Zdroj předmětové klasifikace |
Konspekt |
| 080 ## - MDT |
| Klasifikační znak MDT |
821.162.3-32 |
| Idetifikátor vydání MDT |
MRF |
| 080 ## - MDT |
| Klasifikační znak MDT |
821-93 |
| Idetifikátor vydání MDT |
MRF |
| 080 ## - MDT |
| Klasifikační znak MDT |
(0:82-32) |
| Idetifikátor vydání MDT |
MRF |
| 100 1# - Hlavní záhlaví - osobní jméno autora |
| Osobní jméno |
Tkáč, Jan, |
| Datumy související se jménem |
1973- |
| Kód role |
aut |
| 9 (RLIN) |
20732 |
| 245 10 - Údaje o názvu |
| Název |
Kroniky beskydských draků. |
| Název části/sekce díla |
Tajemství ztracené kroniky / |
| Údaj o odpovědností, atd. |
Jan Tkáč ; ilustrace Ina Kreisingerová |
| 246 30 - Variantní vázvy |
| Hlavní název/zkrácený název |
Tajemství ztracené kroniky |
| 250 ## - Údaje o vydání |
| Označení vydání |
První vydání |
| 264 #1 - Nakladatelské údaje |
| Místo vydání |
Ostrava : |
| Nakladatel |
Tajemné Beskydy, |
| Rok vydání |
2025 |
| 300 ## - Fyzický popis |
| Rozsah |
255 stran : |
| další fyzické údaje |
barevné ilustrace ; |
| Rozměry |
22 cm |
| 500 ## - Všeobecná poznámka |
| Text obecné poznámky |
Obsahuje QR kódy s přístupem k rozšířením jednotlivých kapitol |
| 500 ## - Všeobecná poznámka |
| Text obecné poznámky |
Další názvová informace na zadní obálce: samostatný příběh z oceněné série Kroniky beskydských draků |
| 520 2# - Anotace |
| Anotace, atd. |
Volné pokračování fantasy příběhů odehrávajících se v kulisách beskydské krajiny. |
| Rozšířený text anotace |
Mladá dračice Ája zjišťuje, že jako jediná dokáže magii nejen cítit, ale dokonce i vidět! Jenže být jiná není snadné - dospělí jí nevěří. Společně s nejlepší kamarádkou a svéráznou dračicí se vydává hledat ztracenou kroniku své prababičky, aby dokázala pravdu. Na cestě je čekají bláznivé vynálezy, roztomilé drakomyšky a temná varování magie, která naznačují, že v Beskydech se probouzí cosi nebezpečného. Nakladatelská anotace. Kráceno. |
| 655 #7 - Rejstříkový termín - žánr/forma |
| Žánr/forma či základní termín |
české příběhy |
| 655 #7 - Rejstříkový termín - žánr/forma |
| Žánr/forma či základní termín |
publikace pro děti |
| 655 #9 - Rejstříkový termín - žánr/forma |
| Žánr/forma či základní termín |
Czech stories |
| 655 #9 - Rejstříkový termín - žánr/forma |
| Žánr/forma či základní termín |
children's literature |
| 700 1# - Vedlejší záhlaví - osobní jméno autora |
| Osobní jméno |
Kreisingerová, Ina, |
| Datumy související se jménem |
1983- |
| Kód role |
ill |
| 9 (RLIN) |
20733 |
| 910 ## - Údaje o vlastníkovi jednotky (exempláře) |
| Sigla vlastníka jednotky |
ABG508 |